000 00782nam a22002297a 4500
005 20170124105929.0
010 _aA-702339
020 _c00.00
_a8171006577
035 _aA-702339
037 _bCen Lib/Ret
040 _aDPL
_bEN
082 _a320.954
_bSAX
100 _aSaxena, Rekha
_97888
245 _aIndian politics in transition :
_cby Rekha Saxena
_bfrom dominance to chaos /
260 _aNew Delhi
_bDeep & Deep Publications
_c1994
270 _bNew Delhi
_aF-159, rajouri garden
_e110027
300 _axiii, 359
_c21cm(Hb)
500 _aIncludes bibliographical references and index
650 _aPolitical parties -- India -- History
_973877
650 _aIndia -- Politics and government -- 1947
_914822
942 _2ddc
_cEN
_h320.954
_mSAX
999 _c123741
_d123741